| 000 | 00406nam a2200157 a 4500 | ||
|---|---|---|---|
| 001 | 000029762 | ||
| 005 | 20200930055804.0 | ||
| 008 | 110425s1972 dr 000 0 spa d | ||
| 040 |
_aDO-SdBNP _bspa _cBNPHU |
||
| 082 |
_axxx _bG216v |
||
| 100 | 1 |
_aGarcía Bidó, Rafael _918198 |
|
| 245 | 1 | 3 | _aEl verso se levanta. |
| 260 |
_aSanto Domingo: _a[s.n], _c[197?]. |
||
| 300 |
_a52 p. ; _c19 cm. |
||
| 049 | _aBNPD | ||
| 999 |
_c29254 _d29254 |
||